Datum a čas kvízu

29 Celkem bodů Celkový počet nahraných bodů na tomto kvízu bez doplňovacích otázek.
11. Pořadí na kvízu Konečné umístění týmu na tomto kvízu.

Zaznamenané odpovědi

# Otázka Odpověď Body Výsledky
1. Minulý týden jsme se dozvěděli... konipas 1
2. V Dánsku se stala hitem satiri... California 0
3. Který 56letý americký rockový... Marilyn Manson 0
4. V úterý byl představen Index p... Turnov, Luhačovice 0
5. Ve středu byl v městečku Lenze... ve Švýcarsku 1
6. Vítězné téma facebookového hla... Augustus 0
7. Který diktátor posbíral během... Benito Mussolini 0
8. Od smrti severokorejského dikt... Václav Havel 0
9. Který diktátor se nechal před... Alexandr Lukašenko 1
10. Ve které zemi vládl diktátor P... Kambodža, Rudí Khmerové 0.5